| 000 | 005820000a22001690004500 | ||
|---|---|---|---|
| 041 | 0 | _aSPA | |
| 082 | 0 | 4 | _aG 260 W87281e |
| 100 | 1 | _aWonderly, William L. | |
| 245 | 1 | 0 | _aLos evangélicos somos así? Una encuesta sobre algunas actitudes que caracterizan a la comunidad protestante de la ciudad de México / William L. Wonderly, Jorge Lara Braud |
| 260 | _aMéxico D.F., México : Casa Unida de Publicaciones | ||
| 300 | _a62 Pag | ||
| 001 | 6723 | ||
| 942 | _cBK | ||
| 999 |
_c36989 _d36989 |
||
| 336 |
_atexto _btxt _2rdacontent |
||
| 337 |
_2rdamedia _asin mediación _bn |
||
| 338 |
_2rdacarrier _avolumen _bnc |
||